000 00449pab a2200157 454500
008 180718b2005 xxu||||| |||| 00| 0 eng d
100 _aChattopadhyay, Apurba Kumar
245 _aDistributive impact of agricultural growth in rural West Bengal
260 _c2005
300 _ap.5601-610.
362 _a31 Dec
650 _aAgriculture - India - West Bengal
650 _aAgriculture
773 _aEconomic and Political Weekly
909 _a68576
999 _c68576
_d68576